[Event "POL-ch U26"]
[Site "Poland"]
[Date "1998.??.??"]
[Round "?"]
[White "Delega, Tomasz"]
[Black "Rucinski, Grzegorz"]
[Result "0-1"]
[WhiteElo "2075"]
[BlackElo "2195"]
[PlyCount "100"]
[EventDate "1998.??.??"]
[EventType "swiss"]
[EventRounds "9"]
[EventCountry "POL"]
[SourceTitle "EXT 2002"]
[Source "ChessBase"]
[SourceDate "2001.11.25"]
[SourceVersion "1"]
[SourceVersionDate "2001.11.25"]
[SourceQuality "1"]

1. e4 c5 2. Nf3 d6 3. Bb5+ Nc6 4. 0-0 Bd7 5. Re1 a6 6. Bf1 Bg4 7. c3 g6 8. d3 Bg7 9. Be3 Nf6 10. Nbd2 0-0 11. h3 Bxf3 12. Nxf3 e5 13. Qb3 Qe7 14. Rad1 h6 15. Nh2 Kh7 16. Be2 Rab8 17. Bf3 b5 18. Qc2 Rfc8 19. Nf1 Nd7 20. Bg4 Rc7 21. Bc1 Nf6 22. Ne3 a5 23. Nd5 Nxd5 24. exd5 Nd8 25. f4 f5 26. Bf3 Nf7 27. Qf2 Qd7 28. Kh1 c4 29. dxc4 Rxc4 30. Be2 Rc7 31. Be3 Rcc8 32. Bb6 a4 33. Ba5 exf4 34. Qxf4 Be5 35. Qd2 Qe7 36. Qe3 Qh4 37. a3 Ng5 38. Bd3 f4 39. Qg1 f3 40. Rxe5 dxe5 41. d6 Rf8 42. d7 fxg2+ 43. Qxg2 Rf2 44. d8Q Rxd8 45. Bxd8 Rxg2 46. Kxg2 Qxh3+ 47. Kf2 Qf3+ 48. Ke1 Qe3+ 49. Kf1 Nh3 50. Bh4 Qf4+ 0-1

[Event "POL-ch U18"]
[Site "Sopot"]
[Date "1997.??.??"]
[Round "?"]
[White "Kucharski, Tomasz"]
[Black "Rucinski, Grzegorz"]
[Result "0-1"]
[WhiteElo "2135"]
[BlackElo "2185"]
[PlyCount "30"]
[EventDate "1997.??.??"]
[EventType "swiss"]
[EventRounds "10"]
[EventCountry "POL"]
[SourceTitle "EXT 2003"]
[Source "ChessBase"]
[SourceDate "2002.11.25"]
[SourceVersion "1"]
[SourceVersionDate "2002.11.25"]
[SourceQuality "1"]

1. e4 c5 2. Nf3 d6 3. d4 cxd4 4. Nxd4 Nf6 5. Nc3 a6 6. Bc4 e6 7. Be3 Nbd7 8. 0-0 b5 9. Bb3 Bb7 10. f3 b4 11. Nce2 d5 12. Ng3 Bc5 13. Qe1 0-0 14. Qf2 dxe4 15. fxe4 Ng4 0-1

[Event "Karvina op"]
[Site "Karvina"]
[Date "1994.??.??"]
[Round "?"]
[White "Rotstein, Jefim"]
[Black "Rucinski, Grzegorz"]
[Result "1-0"]
[WhiteElo "2290"]
[BlackElo "2095"]
[PlyCount "67"]
[EventDate "1994.??.??"]
[EventType "swiss"]
[EventRounds "9"]
[EventCountry "CZE"]
[SourceTitle "EXT 2004"]
[Source "ChessBase"]
[SourceDate "2003.11.25"]
[SourceVersion "1"]
[SourceVersionDate "2003.11.25"]
[SourceQuality "1"]

1. d4 f5 2. Nf3 g6 3. g3 Bg7 4. Bg2 Nf6 5. 0-0 0-0 6. c4 d6 7. Nc3 Nc6 8. d5 Na5 9. Nd2 c5 10. Rb1 e5 11. dxe6 Bxe6 12. Nd5 Nc6 13. b3 Bf7 14. e4 Bxd5 15. cxd5 Nd4 16. exf5 Nxf5 17. b4 cxb4 18. Rxb4 b6 19. Nf3 Nd7 20. Ng5 Nc5 21. h4 h6 22. Ne6 Qd7 23. h5 Be5 24. Nxf8 Rxf8 25. hxg6 Qg7 26. Bh3 a5 27. Rxb6 Qa7 28. Rc6 Ne4 29. Bxf5 Rxf5 30. Be3 Qd7 31. Qc2 Nf6 32. Rc8+ Ne8 33. Rxe8+ Qxe8 34. Qxf5 1-0

[Event "POL-ch sf"]
[Site "Nadole"]
[Date "1994.??.??"]
[Round "4"]
[White "Rucinski, Grzegorz"]
[Black "Pinski, Jan"]
[Result "0-1"]
[WhiteElo "2095"]
[BlackElo "2150"]
[PlyCount "60"]
[EventDate "1994.??.??"]
[EventType "swiss"]
[EventRounds "11"]
[EventCountry "POL"]
[SourceTitle "EXT 2001"]
[Source "ChessBase"]
[SourceDate "2000.11.22"]
[SourceVersion "1"]
[SourceVersionDate "2000.11.22"]
[SourceQuality "1"]

1. e4 c5 2. Nf3 Nc6 3. d4 cxd4 4. Nxd4 e5 5. Nb5 d6 6. c4 Be7 7. Be2 Be6 8. 0-0 Nf6 9. N1c3 a6 10. Na3 Rc8 11. Bg5 0-0 12. Qd2 Nd4 13. Be3 Nxe2+ 14. Qxe2 Ng4 15. Bd2 f5 16. f3 Qb6+ 17. Kh1 Qxb2 18. exf5 Rxf5 19. fxg4 Rxf1+ 20. Rxf1 Qxa3 21. Nd5 Bxd5 22. cxd5 Qxa2 23. Qd3 Qc2 24. Qe3 Qc4 25. Rc1 Qxg4 26. Rb1 Qd7 27. h3 Rc5 28. Rf1 Bf6 29. Qg3 Qf7 30. Bg5 Qg6 0-1

[Event "Karvina op"]
[Site "Karvina"]
[Date "1994.??.??"]
[Round "?"]
[White "Rucinski, Grzegorz"]
[Black "Sobek, Jaroslav"]
[Result "1/2-1/2"]
[WhiteElo "2095"]
[BlackElo "2270"]
[PlyCount "51"]
[EventDate "1994.??.??"]
[EventType "swiss"]
[EventRounds "9"]
[EventCountry "CZE"]
[SourceTitle "EXT 2004"]
[Source "ChessBase"]
[SourceDate "2003.11.25"]
[SourceVersion "1"]
[SourceVersionDate "2003.11.25"]
[SourceQuality "1"]

1. e4 c5 2. Nf3 d6 3. d4 cxd4 4. Nxd4 Nf6 5. Nc3 a6 6. Bg5 e6 7. f4 Nbd7 8. Qf3 Qc7 9. 0-0-0 b5 10. Bxb5 axb5 11. Ndxb5 Qb6 12. e5 Bb7 13. Qe2 dxe5 14. fxe5 Nd5 15. Nxd5 Bxd5 16. Rxd5 exd5 17. Nd6+ Bxd6 18. exd6+ Kf8 19. Qe7+ Kg8 20. Qxd7 h6 21. Be7 Rxa2 22. Qc8+ Kh7 23. Qf5+ Kg8 24. Qc8+ Kh7 25. Qf5+ Kg8 26. Qc8+ 1/2-1/2